| 000 | 00411 a2200121 4500 | ||
|---|---|---|---|
| 001 | ART_46340 | ||
| 005 | 20260410161808.0 | ||
| 008 | 260409a | ||
| 245 | 1 | 0 | _aSituación previsional en las SAS, SAU y sociedades de la Sección IV de la LGS |
| 100 | 1 | _aFranzone, María Elena | |
| 700 | 1 | _aMaligne, Alejandro M. | |
| 773 | 0 |
_tDoctrina Societaria y Concursal _g- N°366 (mayo 2018) _wREV4298 |
|
| 999 |
_c21236 _d21236 |
||